Southville International School and Colleges
Your cart is empty.
  • Cart
  • Lists
    Public lists Eva Luna New books Lux_list list_1
    Your lists Log in to create your own lists
  • Log in to your account
  • Your cookies
  • Search history
Southville International School and Colleges
  • Advanced search
  • Recent comments
  • Most popular
  • Libraries

Log in to your account

Log in with GOOGLE


If you do not have an external account, but do have a local account, you can still log in:

  1. Home
  2. MARC view: Armies of ants /
Normal view MARC view ISBD view

Armies of ants / (Record no. 33839)

[ view plain ]
MARC details
000 -LEADER
fixed length control field 01156cam a2200349 a 4500
001 - CONTROL NUMBER
control field 4888841
003 - CONTROL NUMBER IDENTIFIER
control field OSt
005 - DATE AND TIME OF LATEST TRANSACTION
control field 20140310184342.0
008 - FIXED-LENGTH DATA ELEMENTS--GENERAL INFORMATION
fixed length control field 930805s1994 nyua j 000 0 eng
010 ## - LIBRARY OF CONGRESS CONTROL NUMBER
LC control number 93029782
020 ## - INTERNATIONAL STANDARD BOOK NUMBER
International Standard Book Number 9780590476164
040 ## - CATALOGING SOURCE
Original cataloging agency DLC
Transcribing agency DLC
Modifying agency DLC
042 ## - AUTHENTICATION CODE
Authentication code lcac
050 00 - LIBRARY OF CONGRESS CALL NUMBER
Classification number QL 568.F7
Item number .R46 1994
100 1# - MAIN ENTRY--PERSONAL NAME
Personal name Retan, Walter.
9 (RLIN) 24625
245 10 - TITLE STATEMENT
Title Armies of ants /
Statement of responsibility, etc by Walter Retan ; illustrated by Jean Cassels.
260 ## - PUBLICATION, DISTRIBUTION, ETC. (IMPRINT)
Place of publication, distribution, etc New York :
Name of publisher, distributor, etc Scholastic,
Date of publication, distribution, etc 1994
300 ## - PHYSICAL DESCRIPTION
Extent 1 v. (unpaged) :
Other physical details col. ill. ;
Dimensions 23 cm.
440 #0 - SERIES STATEMENT/ADDED ENTRY--TITLE
Title Hello reader!
Number of part/section of a work Level 4
9 (RLIN) 24626
500 ## - GENERAL NOTE
General note "Cartwheel books."
520 ## - SUMMARY, ETC.
Summary, etc Discusses the amazing world of ants.
521 1# - TARGET AUDIENCE NOTE
Target audience note
526 ## - STUDY PROGRAM INFORMATION NOTE
Reading level 630
562 ## - COPY AND VERSION IDENTIFICATION NOTE
Number of copies 1
650 #0 - SUBJECT ADDED ENTRY--TOPICAL TERM
Topical term or geographic name as entry element Ants
General subdivision Juvenile literature.
9 (RLIN) 24627
650 #1 - SUBJECT ADDED ENTRY--TOPICAL TERM
Topical term or geographic name as entry element Ants.
9 (RLIN) 24628
700 1# - ADDED ENTRY--PERSONAL NAME
Personal name Cassels, Jean,
Relator term ill.
9 (RLIN) 24629
906 ## - LOCAL DATA ELEMENT F, LDF (RLIN)
a 7
b cbc
c orignew
d 1
e ocip
f 19
g y-gencatlg
942 ## - ADDED ENTRY ELEMENTS (KOHA)
Source of classification or shelving scheme Library of Congress Classification
Koha item type
Holdings
Withdrawn status Lost status Source of classification or shelving scheme Damaged status Home library Current library Shelving location Date acquired Total Checkouts Full call number Barcode Date last seen Copy number Price effective from Koha item type
    Library of Congress Classification   Luxembourg Library Luxembourg Library Scholastic Reading Center Section 10/07/2013   QL 568.F7 .R46 1994 LEX2973 04/18/2017 1 10/07/2013 Books

Armies of ants /

APA

Retan W., Cassels J., . (1994). Armies of ants. New York: Scholastic.

Chicago

Retan Walter, Cassels Jean, . 1994. Armies of ants. New York: Scholastic.

Harvard

Retan W., Cassels J., . (1994). Armies of ants. New York: Scholastic.

MLA

Retan Walter, Cassels Jean, . Armies of ants. New York: Scholastic. 1994.

  • Place hold
  • Print
  • Cite
  • Add to your cart (remove)
  • Save record
    BIBTEX Dublin Core MARCXML MARC (non-Unicode/MARC-8) MARC (Unicode/UTF-8) MARC (Unicode/UTF-8, Standard) MODS (XML) RIS
  • More searches
    Search for this title in:
    Other Libraries (WorldCat) Other Databases (Google Scholar) Online Stores (Bookfinder.com) Open Library (openlibrary.org)

Exporting to Dublin Core...

SOUTHVILLE LIBRARY

Southville International School and Colleges Library

1281 Tropical Ave. Cor. Luxembourg St., BF Homes International, Las Pinas City

Tel. No. 8256374 / 252358 Loc. 117/146

Powered by Koha